000 00379nam a22001217a 4500
999 _c1884
_d1884
005 20200904144234.0
008 200904b ||||| |||| 00| 0 eng d
020 _a5155
040 _cCML
245 _aPhysical Education for Elementary Schools.
_cEvans, R.
260 _aNew York
_bMcGraw-Hill Book Company, Inc.
_c1958
942 _2ddc
_cBK
_e1st Edition
_h613.7
_mEva